1741 1506 1951 1774 1473 1937 1649 1765 1249 1673 1308 1324 1756 1453 1583 1040 1683 1155 1655 1100 1889 1881 1338 1346 1727 1015 1289 1696 1206 1752 1819 1113 1338 1135 1197 1120 1273 1623 1646 1199 1989 1408 1555 1323 1252 1550 1867 1572 1931 1197 1944 1213 1319 1829 1806 1338 1242 1072 1850 1557 1471 1173 1770 1542 1452 1829 1057 1612 1880 1341 1468 1480 1426 1508 1950 1378 1172 1758 1296 1644 1040 1144 1515 1474 1197 1080 1495 1376 1113 1196 1950 1483 1125 1064 1541 1169 1180 1679 1070 BCNSPRNW ULIB Ver.6.0+V

เปลี่ยนเป็นภาษาไทย

Change to English
 แสดงรายละเอียดบรรณานุกรม
  กลับหน้าหลัก

Brief Record : Get Marc (ISO 2709) : E-mail record : QR code < ปิดหน้าต่าง
LEADER : 00000nam 2200000uu 4500
001    13399113528
003     ULIB
008    110627s2000||||th 000 0 tha d
020    0439139597
090    นว.^bR884H ล.4 2000
100 0  Rowling J.K.
245 00 Harry potter and the goblet of fire/^cRowling J.K.
250    พิมพ์ครั้งที่ 1
260    New York :^bA.A. Levine Books,^c2000
300    734 หน้า
710 1  นานมีบุ๊คส์
945    ^p0^l0^i021843
995    ทศพร
999 ^a ใช้งานได้ทุกระบบ
รายการนี้ยังไม่มีแท็ก
คุณยังไม่ได้ล็อกอิน คุณสามารถมีกิจกรรมร่วมกับเว็บไซต์ได้ แต่ต้องล็อกอินก่อน ::
  ล็อกอิน

รายการสื่อสารสนเทศ

ลำดับที่ ประเภท เลขเรียก/บาร์โค้ด สถานที่ สถานะ
1. นวนิยาย
นวนิยาย
นว. R884H ล.4 2000 ฉ.1 
  Barcode: 021843
ห้องสมุดวิทยาเขตสวรรค์ประชารักษ์
►นวนิยาย
บนชั้น
  ขอยืม

รายการใกล้เคียง
    ผู้แต่ง [Rowling J.K.]

BibComment


ยังไม่เคยถูกคอมเมนท์

คอมเมนท์ทรัพยากรรายการนี้
  คอมเมนท์: Harry potter and ..


 Copyright 2026. Bcnsprnw @Library